Statistics for F. Scott Fitzgerald Bibliography

Click here to take the quiz!

General Stats

  • This quiz has been taken 31 times
  • The average score is 16 of 173

Answer Stats

TypeYearName% Correct
Novel1925The Great Gatsby
100%
Novel1920This Side of Paradise
75%
Novel1934Tender Is the Night
61%
Novel1922The Beautiful and Damned
54%
Unfinished Novel1941The Last Tycoon
54%
Short Story1922The Curious Case of Benjamin Button
32%
Novella1922The Diamond as Big as the Ritz
29%
Short Story1920Bernice Bobs Her Hair
25%
Collection of Essays1945The Crack-Up
25%
Collection of Short Stories1922Tales of the Jazz Age
21%
Collection of Short Stories1920Flappers and Philosophers
18%
Short Story1924Absolution
14%
Short Story1920Head and Shoulders
14%
Short Story1920The Cut-Glass Bowl
14%
Short Story1920The Ice Palace
14%
Short Story1920The Jelly-Bean
14%
Short Story1926The Rich Boy
14%
Short Story1922Winter Dreams
14%
Short Story1930A Woman with a Past
11%
Short Story1929Basil and Cleopatra
11%
Short Story1920Benediction
11%
Short Story1932Crazy Sunday
11%
Short Story1920Dalyrimple Goes Wrong
11%
Short Story1932Family in the Wind
11%
Short Story1924Gretchen's Forty Winks
11%
Short Story1929Majesty
11%
Short Story1920May Day
11%
Short Story1920Myra Meets His Family
11%
Short Story1932One Interne
11%
Short Story1920Porcelain and Pink
11%
Short Story1926Rags Martin-Jones and the Pr-nce of W-les
11%
Short Story1920The Camel's Back
11%
Short Story1935The Fiend
11%
Short Story1920The Four Fists
11%
Short Story1929The Last of the Belles
11%
Short Story1920The Lees of Happiness
11%
Short Story1920The Offshore Pirate
11%
Short Story1924The Sensible Thing
11%
Short Story1929The Swimmers
11%
Short Story1910A Debt of Honor
7%
Short Story1931A Freeze-Out
7%
Short Story1936Afternoon of an Author
7%
Collection of Short Stories1926All the Sad Young Men
7%
Short Story1912A Luckless Santa Claus
7%
Short Story1940A Man in the Way
7%
Short Story1931A New Leaf
7%
Short Story1930A Nice Quiet Place
7%
Short Story1928A Night at the Fair
7%
Short Story1940A Patriotic Short
7%
Short Story1927A Short Trip Home
7%
Short Story1930A Snobbish Story
7%
Short Story1929At Your Age
7%
Short Story1917Babes in the Woods
7%
Short Story1931Babylon Revisited
7%
Short Story1931Between Three and Four
7%
Short Story1940Boil Some Water - Lots of It
7%
Short Story1969Dearly Beloved
7%
Short Story1939Design in Plaster
7%
Short Story1932Diagnosis
7%
Short Story1923Dice, Brassknuckles & Guitar
7%
Short Story1948Discard
7%
Short Story1931Emotional Bankruptcy
7%
Short Story1938Financing Finnegan
7%
Short Story1930First Blood
7%
Short Story1929Forging Ahead
7%
Short Story1928He Thinks He's Wonderful
7%
Short Story1923Hot & Cold Blood
7%
Short Story1936I Didn't Get Over
7%
Short Story1927Jacob's Ladder
7%
Short Story1921Jemina
7%
Short Story1949Last Kiss
7%
Short Story1925Love in the Night
7%
Short Story1928Magnetism
7%
Short Story1941Mightier than the Sword
7%
Short Story1920Mister Icky
7%
Short Story1933More Than Just a House
7%
Short Story1940No Harm Trying
7%
Short Story1925Not in the Guidebook
7%
Short Story1941On an Ocean Wave
7%
Short Story1921O Russet Witch!
7%
Short Story1913Pain and the Scientist
7%
Short Story1940Pat Hobby and Orson Welles
7%
Short Story1940Pat Hobby Does His Bit
7%
Short Story1940Pat Hobby, Putative Father
7%
Short Story1940Pat Hobby's Christmas Wish
7%
Short Story1941Pat Hobby's College Days
7%
Short Story1917Sentiment - And the Use of Rouge
7%
Short Story1932Six of One
7%
Collection of Short Stories1935Taps at Reveille
7%
Short Story1917 | 1921Tarquin of Cheapside
7%
Short Story1940Teamed with Genius
7%
Short Story2015Temperature
7%
Short Story1951That Kind of Party
7%
Short Story1925The Adjuster
7%
Short Story1926The Adolescent Marriage
7%
Short Story1925The Baby Party
7%
Short Story1928The Bowl
7%
Short Story1930The Bridal Party
7%
Short Story1928The Captured Shadow
7%
Short Story1917The Débutante
7%
Short Story1928The Freshest Boy
7%
Short Story1937The Long Way Out
7%
Short Story1939The Lost Decade
7%
Short Story1935The Night at Chancellorsville
7%
Short Story1915The Ordeal
7%
Collection of Short Stories1962The Pat Hobby Stories
7%
Short Story1929The Perfect Life
7%
Short Story1922The Popular Girl
7%
Short Story1911The Room with the Green Blinds
7%
Short Story1932The Rubber Check
7%
Short Story1928The Scandal Detectives
7%
Short Story1920The Smilers
7%
Short Story1924The Third Casket
7%
Short Story1913The Trail of the Duke
7%
Short Story1924The Unspeakable Egg
7%
Short Story1923The Vegetable
7%
Short Story1941The Woman from Twenty-One
7%
Short Story1922Two for a Cent
7%
Short Story1941Two Old-Timers
7%
Short Story1930Two Wrongs
7%
Short Story1927Your Way and Mine
7%
Short Story1931A Change of Class
4%
Short Story1988A Full Life
4%
Short Story1937An Alcoholic Case
4%
Short Story1925A Penny Spent
4%
Collection of Short Stories1960Babylon Revisited and Other Stories
4%
Collection of Short Stories2001Before Gatsby: The First Twenty-Six Stories
4%
Collection of Short Stories1974Bits of Paradise
4%
Collection of Letters1980Correspondence of F. Scott Fitzgerald
4%
Collection of Letters1971Dear Scott/Dear Max
4%
Short Story1924Diamond Dick and the First Law of Woman
4%
Short Story1932Flight and Pursuit
4%
Collection of Letters1994F. Scott Fitzgerald: A Life in Letters
4%
Short Story1941Gods of Darkness
4%
Short Story1931Indecision
4%
Short Story1924John Jackson's Arcady
4%
Short Story1971Lo, the Poor Peacock
4%
Short Story1947News of Paris - Fifteen Years Ago
4%
Collection of Writings2000Novels and Stories 1920-1922
4%
Short Story1925One of My Oldest Friends
4%
Short Story1930One Trip Abroad
4%
Short Story1933On Schedule
4%
Short Story1941On the Trail of Pat Hobby
4%
Short Story1931 | 1979On Your Own
4%
Short Story1928Outside the Cabinet-Maker's
4%
Short Story1940Pat Hobby's Preview
4%
Short Story1940Pat Hobby's Secret
4%
Collection of Poems1981Poems 1911-1940
4%
Short Story1926Presumption
4%
Short Story1910Reade, Substitute Right Hall
4%
Short Story1915Shadow Laurels
4%
Collection of Short Stories1973The Basil and Josephine Stories
4%
Short Story1947The Broadcast We Almost Heard Last September
4%
Short Story1926The Dance
4%
Short Story1940The End of Hate
4%
Short Story1940The Homes of the Stars
4%
Collection of Letters1964The Letters of F. Scott Fitzgerald
4%
Short Story1927The Love Boat
4%
Short Story1909The Mystery of the Raymond Mortgage
4%
Short Story1917The Pierian Springs and the Last Straw
4%
Short Story1925The Pusher-in-the-Face
4%
Short Story1929The Rough Crossing
4%
Collection of Short Stories1989The Short Stories of F. Scott Fitzgerald
4%
Short Story1917The Spire and the Gargoyle
4%
Collection of Short Stories1951The Stories of F. Scott Fitzgerald
4%
Short Story1948The World's Fair
4%
Short Story1941Three Hours Between Planes
4%
Short Story1932What a Handsome Pair!
4%
Collection of Letters1972As Ever, Scot Fitz--
0%
Short Story1941Fun in an Artists's Studio
0%
Collection of Short Stories1965The Apprentice of Fiction of F. Scott Fitzgerald
0%

Score Distribution

Percentile by Number Answered

Percent of People with Each Score

Your Score History

You have not taken this quiz